[Event "12th Arad Open 2019"]
[Site "Arad"]
[Date "2019.07.25"]
[Round "3.14"]
[White "Ghimpu, Samuel-Timotei"]
[Black "Banzea, Alexandru-Bogdan"]
[Result "1/2-1/2"]
[WhiteElo "2193"]
[BlackElo "2405"]
[Annotator "TA"]
[PlyCount "68"]
[EventDate "2019.07.24"]
[EventType "swiss"]
[EventCountry "ROU"]
[SourceTitle "playchess.com"]
[Source "ChessBase"]
[SourceQuality "1"]

{[%evp 10,68,-4,-36,-10,-43,-19,-22,-9,-41,21,8,15,-6,15,-26,-33,-31,-28,-28,-12,-17,-25,-20,-21,-21,-17,-16,0,-8,-7,-14,-24,-14,0,0,0,0,0,0,0,0,0,0,0,0,0,0,0,0,0,0,0,0,0,0,0,0,0,0,0]} 1. Nf3 Nf6 2. g3 g6 3. Bg2 Bg7 4. O-O O-O 5. d3 d5 6. Nc3 d4 {A07: Réti Opening: New York and Capablanca Systems} 7. Nb1 Nd5 $146 ({Predecessor:} 7... c5 8. e4 dxe3 9. Bxe3 Nd5 10. Bc1 Nc6 11. Re1 b6 12. Nbd2 Bb7 13. c3 Qc7 14. h4 {½-½ (41) Movsesian,S (2716)-Lalic,B (2517) Mainz 2009}) 8. Bd2 c5 9. c4 dxc3 ({Better is} 9... Nc7 $15) 10. Nxc3 $11 Nc6 11. Qc1 b6 12. Nxd5 (12. d4 $5 {[%cal Rc3d5]} Nxc3 13. Bxc3 $14) 12... Qxd5 13. Ne5 Qxe5 {[%mdl 64] [#] Double Attack} 14. Bxc6 Bh3 15. Bxa8 {Black must now prevent Bg2.} Bxf1 ({Of course not} 15... Rxa8 16. Re1 $14) 16. Kxf1 {And now Bc3 would win.} Rxa8 17. Bc3 $1 {[%cal Rc3e5]} Qd5 {[%cal Rd5h1] [#]} 18. Kg1 e5 19. a4 h5 20. h4 Kh7 21. Qc2 Bf6 {The position is equal.} 22. Bd2 Rd8 23. Be3 e4 24. dxe4 Qe5 25. a5 Qxb2 26. Qxb2 Bxb2 {[%mdl 4096] Endgame KRB-KRB} 27. Rb1 {Hoping for axb6.} Bd4 28. Bxd4 Rxd4 29. axb6 axb6 30. Rxb6 Rxe4 {KR-KR} 31. Rc6 Rxe2 32. Rxc5 Ra2 33. Rc7 Kg7 34. Kg2 Rb2 {Accuracy: White = 57%, Black = 44%.} 1/2-1/2

[Event "12th Arad Open 2019"]
[Site "Arad"]
[Date "2019.07.25"]
[Round "3.15"]
[White "Secheres, Adrian-Simion"]
[Black "Bulau, Andrei-Cristian"]
[Result "1-0"]
[WhiteElo "2394"]
[BlackElo "2169"]
[Annotator "TA"]
[PlyCount "57"]
[EventDate "2019.07.24"]
[EventType "swiss"]
[EventCountry "ROU"]
[SourceTitle "playchess.com"]
[Source "ChessBase"]
[SourceQuality "1"]

{[%evp 9,57,-14,-12,-12,11,12,25,11,11,6,19,0,25,0,0,-16,31,18,229,127,172,147,135,129,133,91,86,92,86,91,148,143,159,154,148,130,162,161,191,190,202,200,219,215,208,202,226,231,469,468]} 1. d4 d5 2. c4 c6 3. Nc3 Nf6 4. Nf3 dxc4 5. e4 b5 $1 {[%cal Bb7b5,Bb5b4][%mdl 32]} 6. Be2 {D15: Slav Defence: 4 Nc3 a6 and gambit lines after 4 Nc3 dxc4} b4 (6... e6 7. O-O Be7 8. a4 b4 9. e5 Nd5 10. Ne4 Ba6 11. Bd2 Qa5 12. Rc1 Nd7 13. Bxc4 Bxc4 14. Rxc4 {½-½ (39) Salem,A (2672)-Shankland,S (2725) chess.com INT 2019}) 7. Na4 Nxe4 8. Bxc4 {White has an edge.} Bf5 9. O-O $40 {[%mdl 128] White mounts an attack.} e6 10. Ne5 Be7 11. Be3 $146 ({Predecessor:} 11. g4 Bg6 12. f4 Nd6 13. f5 Nxc4 14. Nxc4 {1-0 (21) Dimitrijevic,S (2308)-Volas,N (2113) Belgrade 2006}) 11... O-O 12. Rc1 Qa5 13. Bb3 Rd8 $2 {[#]} (13... h6 $11) 14. Qf3 (14. Nxf7 $1 $18 {[%mdl 512]} Kxf7 15. Qh5+ g6 16. Qxh7+ Ke8 17. Rfe1) 14... Nf6 $16 15. Nc5 Bxc5 16. Rxc5 Qc7 17. Bg5 {Hoping for Bxf6.} Nbd7 18. Bxf6 ({Much weaker is} 18. Qxc6 Qxc6 19. Rxc6 Nxe5 $11) 18... Nxf6 19. Nxc6 Be4 (19... Re8 $142) 20. Nxd8 Qxc5 21. dxc5 Bxf3 22. Nxe6 $1 ({Of course not} 22. gxf3 $6 Rxd8 23. Rc1 Kf8 $11) 22... Bb7 23. Nd4 Rc8 24. Rc1 Bd5 25. f3 Bxb3 26. Nxb3 Kf8 27. Rc4 Nd5 28. Rd4 Rd8 $2 (28... Nc7 29. Rxb4 Ne6) 29. Na5 {Accuracy: White = 71%, Black = 39%.} 1-0

[Event "12th Arad Open 2019"]
[Site "Arad"]
[Date "2019.07.25"]
[Round "3.16"]
[White "Peptan, Corina-Isabela"]
[Black "Isfan, Ioan-Marius"]
[Result "1-0"]
[WhiteElo "2375"]
[BlackElo "2164"]
[Annotator "TA"]
[PlyCount "49"]
[EventDate "2019.07.24"]
[EventType "swiss"]
[EventCountry "ROU"]
[SourceTitle "playchess.com"]
[Source "ChessBase"]
[SourceQuality "1"]

{[%evp 18,49,79,78,84,80,134,136,200,200,184,172,272,252,289,231,256,255,702,691,1438,1412,1414,537,472,333,305,305,302,297,389,390,375,360]} 1. d4 e6 2. c4 c5 3. Nf3 d5 4. cxd5 exd5 5. Nc3 Nc6 6. g3 c4 7. Bg2 Bb4 8. O-O Nge7 9. e4 Bxc3 10. bxc3 dxe4 {D33: Tarrasch Defence: 6 g3 sidelines} 11. Nd2 Be6 ({Black should try} 11... f5) 12. Nxe4 $16 Bd5 $146 (12... O-O $16 13. Rb1 b6) ({Predecessor:} 12... O-O 13. Nc5 Nd5 14. Bd2 Bc8 15. Qa4 Na5 16. Rfe1 b6 17. Re5 Nc7 18. Rae1 {1-0 (30) Cvitan,O (2535)-Ceschia,I (2340) Reggio Emilia 1991}) 13. Qg4 $18 Kf8 14. Qh5 h6 (14... f5 {was necessary.}) 15. Re1 Kg8 16. Rb1 b6 17. Ba3 Kh7 $2 (17... Qd7 18. Bh3 f5) 18. Rb5 Qd7 {[#]} 19. Nf6+ $1 {[%mdl 512]} gxf6 20. Bxd5 (20. Rxd5 $142 Nxd5 {[#]} 21. Re7 $1 {[%mdl 512]} (21. Qxd5 Qxd5 22. Bxd5 Rac8 $14) 21... Qxe7 22. Bxe7) 20... Ng6 21. Bxc4 {aiming for Rd5.} Rae8 22. Rbb1 Kg7 23. Bb5 {And now d5 would win.} Qc7 24. Rxe8 Rxe8 25. Qf3 {Accuracy: White = 69%, Black = 35%.} 1-0

[Event "12th Arad Open 2019"]
[Site "Arad"]
[Date "2019.07.25"]
[Round "3.17"]
[White "Michalicka, Milan"]
[Black "Bogdan, Dan"]
[Result "0-1"]
[WhiteElo "2190"]
[BlackElo "2370"]
[Annotator "TA"]
[PlyCount "110"]
[EventDate "2019.07.24"]
[EventType "swiss"]
[EventCountry "ROU"]
[SourceTitle "playchess.com"]
[Source "ChessBase"]
[SourceQuality "1"]

{[%evp 9,136,27,52,43,79,52,68,61,66,68,82,74,77,70,69,72,100,76,111,76,180,135,115,46,112,76,103,89,118,26,142,0,-10,-1,12,0,-10,0,0,0,0,0,-17,-19,0,0,0,0,0,0,0,0,0,-24,-20,-93,-99,-95,-38,-86,-38,-107,-47,-185,-168,-199,-192,-385,-383,-351,-352,-348,-329,-339,-278,-340,-337,-345,-341,-370,-329,-438,-423,-402,-226,-313,-288,-604,-406,-404,-401,-391,-379,-663,-787,-752,-792,-808,-656,-5073,-5077,-1181,-786,-647,-638,-609,-589,-1031,-885,-1518,-1518,-1371,-1271,-825,-983,-1649,-1261,-1144,-986,-29980,-29981,-29981,-29982,-29982,-29980,-29987,-29988,-29988,-29988]} 1. d4 g6 2. c4 Bg7 3. Nf3 d6 4. Nc3 Nc6 5. d5 Nb8 {[%cal Bc6b8,Bb8d7,Bd7c5][%mdl 32]} (5... Ne5 6. Nxe5 Bxe5 7. e4 Nf6 8. Bd3 O-O 9. O-O e6 10. h3 exd5 11. cxd5 Nh5 12. f4 Bd4+ 13. Kh2 Qh4 14. Qe1 Qxe1 15. Rxe1 {0-1 (47) Akobian,V (2625)-Nakamura,H (2746) Saint Louis 2019}) 6. e4 {A41: 1 d4 d6: Tartakower System and Modern Defence} Nd7 7. Be3 Ngf6 8. Nd4 $146 {White is slightly better.} ({Predecessor:} 8. h3 c6 9. Be2 O-O 10. O-O Ne8 11. Rc1 c5 12. Qd2 {1-0 (36) Roeber,J (2142)-Fischer,G (2043) Mittelfranken 2009}) 8... Nc5 9. f3 a5 10. Qd2 Bd7 11. Be2 e5 12. Ndb5 O-O 13. O-O-O Ne8 14. g4 f5 (14... Bf6 $16) 15. gxf5 gxf5 16. Bg5 ({Better is} 16. exf5 $16 Bxf5 17. h4) 16... Nf6 (16... Bf6 $14) 17. Rdg1 f4 18. h4 Kh8 19. Bf1 (19. h5 $1 $16 {[%cal Rh5h6] Threatens to win with h6.} h6 20. Bh4) 19... Be8 {[#]} (19... h6 $11 {keeps the balance.}) 20. Bh3 $2 (20. h5 $1 $16 {[%cal Rh5h6][%mdl 512]} h6 (20... Bxh5 21. Rxh5) 21. Bh4) 20... Bh5 $11 21. Bg4 Bxg4 22. Rxg4 Qd7 23. Bxf6 $1 Bxf6 24. Rhg1 Rg8 25. h5 Rxg4 26. Rxg4 Rg8 27. Rxg8+ Kxg8 28. Qg2+ Kf7 29. Kd2 c6 30. Na3 Qc8 31. Ke2 (31. Nc2 {seems wilder.} Bh4 32. Ke2 Kf6 33. b3 Kf7 34. Kd2) 31... Qg8 $36 {[%mdl 2048] Black has the initiative.} 32. Qg4 (32. Qh2 $11) 32... Qxg4 $17 33. fxg4 {[%mdl 4096] Endgame KBN-KNN} h6 (33... Bd8 $17) 34. Nc2 Ke8 35. Ne1 (35. Kf3 $15) 35... Bd8 (35... a4 $1 $17) 36. Nf3 (36. b3 $15) 36... a4 $1 $19 37. Nd2 {[#]} Ba5 $1 38. Ncb1 $2 (38. Ndb1) 38... Kf7 39. Kf3 Kf6 40. Kg2 Nd3 41. b3 Kg5 42. Kh3 Nf2+ 43. Kg2 Nxg4 44. dxc6 bxc6 45. bxa4 Ne3+ 46. Kf3 Bb6 (46... Kxh5 $142 47. c5 dxc5) 47. Na3 Bc5 (47... Kxh5 48. Nb3 $19) 48. Nb5 $2 (48. Nab1) 48... Nc2 49. Nc7 {Strongly threatening Ne6+.} Nd4+ 50. Kg2 {[#]} Kg4 $1 51. Nb3 $2 (51. Na6 f3+ 52. Kf2) 51... f3+ 52. Kf1 Ba7 53. Ne8 Nc2 54. Nxd6 {intending Nf5.} Ne3+ 55. Ke1 {[#]} Kg3 {Played: f3-f2} 0-1

[Event "12th Arad Open 2019"]
[Site "Arad"]
[Date "2019.07.25"]
[Round "3.18"]
[White "Nester, Ihor"]
[Black "Breitkopf, Francisc"]
[Result "1-0"]
[WhiteElo "2361"]
[BlackElo "1994"]
[Annotator "TA"]
[PlyCount "44"]
[EventDate "2019.07.24"]
[EventType "swiss"]
[EventCountry "ROU"]
[SourceTitle "playchess.com"]
[Source "ChessBase"]
[SourceQuality "1"]

{[%evp 9,44,29,41,43,43,41,45,22,52,44,52,5,32,-64,-75,-47,54,3,70,71,328,329,321,344,329,252,388,241,473,442,419,418,932,923,922,912,961]} 1. Nf3 d5 2. d4 e6 3. c4 a6 4. g3 Nf6 5. Bg2 Be7 6. O-O {E01: Catalan: Early deviations} O-O 7. Nc3 Nbd7 8. b3 {White is slightly better.} (8. Ne5 c6 9. Bf4 Nh5 10. Be3 Nhf6 11. Qb3 Nxe5 12. dxe5 Nd7 13. f4 b5 14. cxd5 cxd5 15. Rfd1 Bb7 16. Bf2 Nc5 17. Qc2 {1-0 (34) Savchenko,B (2575)-Paichadze,L (2576) chess.com INT 2019}) 8... Ne4 9. Bb2 $146 ({Predecessor:} 9. Qc2 Nxc3 10. Qxc3 c5 11. cxd5 exd5 12. dxc5 Nxc5 13. Bb2 {½-½ (28) Fominyh,A (2369)-Singgih,D (2074) Johor 2018}) 9... f5 10. Nd2 c6 11. f3 (11. Ncxe4 $14 fxe4 12. e3) 11... Nxd2 $15 12. Qxd2 Bg5 ({Black should try} 12... dxc4 $15 13. f4 (13. bxc4 Ne5 $15) 13... cxb3) 13. Qd3 (13. e3 $14) 13... b5 (13... dxc4 $11 14. bxc4 e5) 14. cxd5 $14 f4 $2 {[%mdl 8192] [#]} (14... b4 $16) 15. dxc6 $18 Nb8 16. d5 Bf6 17. Rac1 ({Much less strong is} 17. gxf4 $6 exd5 18. c7 Qxc7 $18) 17... Ra7 (17... exd5 $142 18. Ba3 (18. gxf4 Nxc6 19. Qxd5+ Qxd5 $16) 18... b4) 18. Kh1 Qc7 $2 (18... b4 {was called for.} 19. d6 (19. gxf4 bxc3 20. Bxc3 Qxd5 $16) 19... Nxc6) 19. d6 Qxc6 20. Ne4 Bxb2 (20... Qe8 $142 21. Nxf6+ gxf6 22. gxf4 Rg7) 21. Rxc6 Nxc6 22. Qc2 {[%mdl 64] [#] Double Attack} b4 {Accuracy: White = 44%, Black = 21%.} 1-0

[Event "12th Arad Open 2019"]
[Site "Arad"]
[Date "2019.07.25"]
[Round "3.19"]
[White "Tampea, Radu"]
[Black "Stoleriu, George"]
[Result "0-1"]
[WhiteElo "1913"]
[BlackElo "2360"]
[Annotator "TA"]
[PlyCount "42"]
[EventDate "2019.07.24"]
[EventType "swiss"]
[EventCountry "ROU"]
[SourceTitle "playchess.com"]
[Source "ChessBase"]
[SourceQuality "1"]

{[%evp 9,42,1,26,0,0,3,0,-13,-2,-13,-14,-42,-46,-44,-35,-48,-52,-45,-41,-50,-50,-50,-46,-59,-58,-71,-70,-136,-135,-652,-637,-641,-552,-1609,-1567]} 1. e4 e6 2. d4 d5 3. Nd2 Be7 4. c3 c5 5. Ngf3 (5. exd5 Qxd5 6. Ngf3 Nf6 7. Bc4 Qd8 8. dxc5 Bxc5 9. Qe2 O-O 10. O-O Nbd7 11. Ne4 Be7 12. Bf4 Nxe4 13. Qxe4 {0-1 (50) Svidler,P (2753)-Yu,Y (2759) Shenzhen 2018}) 5... cxd4 6. cxd4 {C03: French Tarrasch: Unusual Black 3rd moves} dxe4 7. Nxe4 Nf6 8. Nc3 {The position is equal.} O-O 9. Bd3 b6 10. Qe2 Nc6 $146 ({Predecessor:} 10... Bb7 11. O-O Nc6 12. Rd1 Nb4 13. Bb1 Rc8 14. Bg5 {0-1 (87) Vass,L (2114)-Hogye,I (2066) Hungary 2015}) 11. Be3 Nb4 12. Bc4 Bb7 13. O-O Rc8 14. Ne5 Nbd5 15. Nxd5 Nxd5 ({Of course not} 15... exd5 16. Ba6 $11) 16. a3 Bf6 17. Bd3 Nxe3 18. fxe3 (18. Qxe3 $15 Qd5 19. f3) 18... Bxe5 $1 $17 19. Qh5 $2 {[%mdl 8192] [#]} (19. dxe5 $17 Qg5 20. Rf4) 19... f5 $19 {Black is clearly winning.} 20. Rad1 Bf6 21. g4 Qd5 {Accuracy: White = 33%, Black = 96%.} 0-1

[Event "12th Arad Open 2019"]
[Site "Arad"]
[Date "2019.07.25"]
[Round "3.20"]
[White "Bobocea, Laurentiu-Vlad"]
[Black "Ileana, George"]
[Result "0-1"]
[WhiteElo "1908"]
[BlackElo "2344"]
[Annotator "TA"]
[PlyCount "42"]
[EventDate "2019.07.24"]
[EventType "swiss"]
[EventCountry "ROU"]
[SourceTitle "playchess.com"]
[Source "ChessBase"]
[SourceQuality "1"]

{[%evp 14,42,16,0,0,0,8,0,8,-5,16,0,12,0,0,-89,22,32,47,-122,48,22,35,35,23,14,21,17,21,0,2]} 1. d4 Nf6 2. c4 e6 3. Nc3 Bb4 4. f3 d6 5. e4 c5 6. d5 exd5 7. cxd5 O-O 8. Bd3 Nbd7 {E20: Nimzo-Indian: 4 g3 and 4 f3} 9. Nge2 Ne5 10. Bc2 (10. O-O Re8 11. Kh1 Bd7 12. a3 Ba5 13. Bg5 h6 14. Bh4 Rc8 15. Rb1 Qe7 16. Bb5 Bxb5 17. Nxb5 {0-1 (34) Oleksienko,M (2615)-Kuzubov,Y (2688) Slovenia 2017}) 10... b5 11. O-O Rb8 $146 ({Predecessor:} 11... Qb6 12. Kh1 c4 {0-1 (34) Ahlander,B (2423)-Wedberg,T (2495) Sweden 2010}) 12. Rb1 Ba5 13. b3 Re8 14. a4 (14. a3 $11) 14... bxa4 ({Black should try} 14... b4 $17 15. Na2 Bb6) 15. Nxa4 $11 Ba6 {Black wants to play ...Nxd5!} 16. Nb2 $2 {[#]} (16. Rf2 $14 {stays ahead.}) 16... Bb4 $2 ({Black should play} 16... Nxd5 $1 $17 {[%mdl 512] aiming for ...Bxe2.} 17. Qxd5 Bxe2) 17. Nd3 Bxd3 18. Bxd3 Nxd3 19. Qxd3 Qb6 {...c4+ is the strong threat.The position is equal.} 20. Kh1 Qb5 21. Qc2 Nxd5 $1 {[%mdl 32768] Accuracy: White =  8%, Black = 35%. . Loss on time!?} 0-1

[Event "12th Arad Open 2019"]
[Site "Arad"]
[Date "2019.07.25"]
[Round "3.21"]
[White "Avramescu, Paul-Mihai"]
[Black "Petrisor, Adrian-Marian"]
[Result "0-1"]
[WhiteElo "2061"]
[BlackElo "2422"]
[Annotator "TA"]
[PlyCount "70"]
[EventDate "2019.07.24"]
[EventType "swiss"]
[EventCountry "ROU"]
[SourceTitle "playchess.com"]
[Source "ChessBase"]
[SourceQuality "1"]

{[%evp 9,70,-18,16,-6,-7,-5,0,0,0,0,0,-7,0,2,12,6,16,11,22,22,16,-16,12,-31,-29,-28,-28,-28,-29,-29,-35,-29,-33,-33,-33,-39,-34,-34,-41,-56,-42,-305,-307,-306,-303,-408,-396,-430,-416,-469,-466,-549,-561,-1375,-1171,-1070,-1062,-5177,-5169,-29970,-29966,-29997,-29998]} 1. d4 Nf6 2. Nf3 e6 3. Bg5 c5 4. Nbd2 cxd4 5. Nxd4 Qb6 (5... Nc6 6. Nxc6 bxc6 7. e4 Qa5 8. Bxf6 gxf6 9. Bd3 Rb8 10. O-O Qg5 11. Nb3 Rg8 12. g3 {0-1 (44) Yuzhakov,O (2353)-Dvoirys,S (2534) Khanty-Mansiysk 2012}) 6. Bxf6 {A46: 1 d4 Nf6 2 Nf3 e6: Torre, London and Colle Systems} gxf6 7. N4b3 $146 ({Predecessor:} 7. Ne4 Be7 8. e3 d5 9. Bb5+ Bd7 10. Nc3 Bxb5 11. Ncxb5 e5 12. Qg4 {0-1 (31) Gayer,A-Kruszynski,W (2345) Poznan 1995}) 7... f5 8. e4 {The position is equal.} fxe4 9. Nxe4 Qb4+ 10. Ned2 d5 11. Qh5 Bg7 12. c3 Qf4 13. g3 Qf6 14. Bd3 Nc6 15. O-O-O Bd7 16. f4 Nb4 $1 $36 {[%cal Rb4d3][%mdl 2048] Black has good play.} 17. Bb1 Rc8 18. Ne4 $1 {[%cal Re4f6]} dxe4 {[#]} 19. Rxd7 $1 {[%mdl 576] Remove Defender, Decoy} Kxd7 20. Qb5+ {[%mdl 64] Double Attack} Kd8 $1 {White must now prevent ...Rxc3+!} ({But not} 20... Nc6 $2 21. Qxb7+ Rc7 22. Nc5+ Kd8 23. Rd1+ Qd4 24. Qb3 $18 (24. Rxd4+ Bxd4 25. Qb5 Be3+ 26. Kd1 Bxc5 $18)) 21. Qxb4 {aiming for Nc5.} Rc7 $1 22. Bxe4 Kc8 23. Na5 {[%cal Re4b7]} Qe7 24. Qb5 {next Rd1 is good for White.} Rd8 25. Nc4 $2 {[%mdl 8192]} (25. Rf1 $15) 25... a6 $19 26. Qb3 Qc5 {Threatens to win with ...b5.} 27. Nb6+ Kb8 {( -> ...Qe3+)} 28. Kb1 Ka7 29. Na4 Qe3 30. Bxh7 b5 31. Rd1 Rxd1+ 32. Qxd1 bxa4 33. a3 f5 34. Bg8 Rb7 35. Qxa4 {[#]} Rxb2+ $1 {[%mdl 512] Accuracy: White = 40%, Black = 64%.} 0-1

[Event "12th Arad Open 2019"]
[Site "Arad"]
[Date "2019.07.25"]
[Round "3.22"]
[White "Martinovici, Ilie"]
[Black "Ursente, Tudor-Alexandru"]
[Result "1-0"]
[WhiteElo "2407"]
[BlackElo "1983"]
[Annotator "RC"]
[PlyCount "55"]
[EventDate "2019.07.24"]
[EventType "swiss"]
[EventCountry "ROU"]
[SourceTitle "playchess.com"]
[Source "ChessBase"]
[SourceQuality "1"]
[TimeControl "40/5400+30:900+30"]

1. d4 {[%emt 0:00:00]} Nf6 {[%emt 0:09:48]} 2. c4 {[%emt 0:00:00]} c5 {[%emt 0:00:22]} 3. d5 {[%emt 0:00:00]} e5 {[%emt 0:01:30]} 4. Nc3 {[%emt 0:00:01]} d6 {[%emt 0:00:07]} 5. e4 {[%emt 0:00:06]} Be7 {[%emt 0:01:59]} 6. g3 {[%emt 0:00:17]} O-O {[%emt 0:00:29]} 7. Bg2 {[%emt 0:00:06]} Ne8 {[%emt 0:06:03]} 8. Nge2 {[%emt 0:07:55]} g6 {[%emt 0:05:31]} 9. O-O {[%emt 0:01:50]} Nd7 {[%emt 0:01:42]} 10. f4 {[%emt 0:04:16]} exf4 {[%emt 0:07:05]} 11. gxf4 {[%emt 0:00:08]} f5 {[%emt 0:02:15]} 12. exf5 {[%emt 0:02:21]} Rxf5 {[%emt 0:11:04]} 13. Ng3 {[%emt 0:01:14]} Rf8 {[%emt 0:00:06]} 14. f5 {[%emt 0:11:33]} Ne5 {[%emt 0:00:42]} 15. fxg6 {[%emt 0:00:05]} hxg6 {[%emt 0:00:53]} 16. Bf4 {[%emt 0:01:14]} Bf6 {[%emt 0:03:48]} 17. Qc2 {[%emt 0:01:32]} g5 {[%emt 0:10:15]} 18. Bxe5 {[%emt 0:01:35]} Bxe5 {[%emt 0:00:07]} 19. Qg6+ {[%emt 0:02:00]} Ng7 {[%emt 0:00:11]} 20. Be4 {[%emt 0:02:32]} Rf4 {[%emt 0:13:56]} 21. Nh5 {[%emt 0:01:59]} Qd7 {[%emt 0:07:35]} 22. Nxf4 {[%emt 0:03:02]} Bxf4 {[%emt 0:00:07]} 23. Qh7+ {[%emt 0:04:34]} Kf8 {[%emt 0:00:12]} 24. Bg2 {[%emt 0:02:41]} Qf5 {[%emt 0:02:12]} 25. Qh8+ {[%emt 0:01:06]} Kf7 {[%emt 0:00:07]} 26. Ne4 {[%emt 0:00:42]} Qe5 {[%emt 0:00:44]} 27. Nxg5+ {[%emt 0:02:33]} Qxg5 {[%emt 0:00:25]} 28. Rxf4+ {[%emt 0:00:09]} 1-0

[Event "12th Arad Open 2019"]
[Site "Arad"]
[Date "2019.07.25"]
[Round "3.23"]
[White "Aciu, Malina-Andreea"]
[Black "Ahlander, Bjorn"]
[Result "1/2-1/2"]
[WhiteElo "2047"]
[BlackElo "2391"]
[Annotator "TA"]
[PlyCount "121"]
[EventDate "2019.07.24"]
[EventType "swiss"]
[EventCountry "ROU"]
[SourceTitle "playchess.com"]
[Source "ChessBase"]
[SourceQuality "1"]

{[%evp 25,121,20,20,18,13,12,12,22,9,8,15,0,0,0,0,0,15,0,0,-6,-6,-14,-6,-6,-6,-14,-8,-14,-8,-29,-15,-32,-10,0,0,0,0,-33,0,-33,0,-137,-129,-124,-101,-140,-115,-12,-16,-16,-27,-21,0,0,0,0,0,0,0,-61,0,0,0,0,0,0,0,0,0,0,0,0,0,0,7,8,156,154,122,116,104,0,0,0,0,0,0,0,0,0,0,0,0,0,0,0,0,0]} 1. e4 c5 2. Nf3 d6 3. d4 cxd4 4. Nxd4 Nf6 5. Nc3 g6 6. f3 Bg7 7. Be3 O-O 8. Qd2 Nc6 9. O-O-O d5 10. exd5 Nxd5 11. Nxc6 bxc6 12. Bd4 Bxd4 13. Qxd4 Qb6 14. Nxd5 {B76: Sicilian Dragon: Yugoslav Attack, 9 g4 and 9 0-0-0} (14. Na4 Qc7 15. Nc5 Rd8 16. Bc4 Bf5 17. Bb3 h5 18. Kb1 Qf4 19. Nb7 Qxd4 20. Rxd4 Rd7 21. Na5 e5 22. Rdd1 {1-0 (47) Caruana,F (2828)-Edouard,R (2643) chess.com INT 2019}) 14... cxd5 15. Qxb6 axb6 16. a3 e6 17. h4 h5 $146 ({Predecessor:} 17... Ba6 18. Bxa6 Rxa6 19. h5 Kg7 20. hxg6 hxg6 21. Rd4 Rc8 {1-0 (38) Durette,F (1926)-Tinica,G (1578) Montreal 2016}) 18. Be2 Ba6 19. Bxa6 Rxa6 $11 {[%mdl 4096] Endgame KRR-KRR} 20. Rd4 Rc8 21. Re1 b5 22. c3 Rc4 23. Red1 Kg7 24. Kc2 Kf6 25. g4 Ra8 26. Kd3 Rh8 {With the idea ...hxg4.} 27. Rh1 Ke5 28. Ke3 hxg4 29. fxg4 g5 30. h5 f5 31. Rg1 Kf6 32. Rf1 Rd8 33. Kd3 {[#]} (33. Kf3 $11 {keeps the balance.}) 33... f4 $1 $17 34. b3 Rc5 35. a4 Rdc8 36. Rc1 e5 37. Rb4 bxa4 38. Rxa4 Rb8 39. Ra6+ Kf7 40. Ra7+ Kg8 41. Rb1 Rbc8 42. Rc1 (42. c4 $1 $11) 42... Rb5 (42... e4+ $1 $15 43. Kd4 Rb5) 43. Rb1 $11 f3 44. b4 Rb6 45. b5 e4+ 46. Kd2 Re6 {[#] aiming for ...e3+.} 47. b6 e3+ 48. Kd3 Rb8 {Threatens to win with ...e2.} (48... e2 $5 49. b7 $8 Rb8 $18) 49. b7 {Ra8! is the strong threat.} Ree8 {Hoping for ...e2.} (49... e2 $5 50. Ra8 $8 Ree8 $18) 50. Ra8 $1 {[%cal Ra8b8] Black must now prevent Rxb8.} Rxa8 (50... e2 $1 $11 51. Rxb8 Rxb8) 51. bxa8=Q Rxa8 52. Kxe3 {KR-KR} Rc8 53. Rc1 (53. Rb6 $16) 53... Rf8 {The position is equal.} 54. Rf1 Rf4 55. Rxf3 Rxg4 56. Rf5 Kg7 57. Kf3 Rg1 58. Kf2 Rg4 59. Kf3 Rg1 60. Kf2 Rg4 61. Kf3 {Accuracy: White = 50%, Black = 60%.} 1/2-1/2